Central Library OPAC University of Rajshahi

মেহেরপুরের লোক সাহিত্য / (Record no. 47641)

MARC details
000 -LEADER
fixed length control field 00932nam a2200229 a 4500
001 - CONTROL NUMBER
control field 47641
003 - CONTROL NUMBER IDENTIFIER
rucl marc code BD-RjUL
005 - DATE AND TIME OF LATEST TRANSACTION
control field 20211209054346.0
008 - FIXED-LENGTH DATA ELEMENTS--GENERAL INFORMATION
fixed length control field 160809s1999 B a|||| |b|| 001 0 eng d
020 ## - INTERNATIONAL STANDARD BOOK NUMBER
Terms of availability :TK. 160.00
035 ## - SYSTEM CONTROL NUMBER
System control number (BD-RjUL)47760
040 ## - CATALOGING SOURCE
Original cataloging agency BD-RjUL
Language of cataloging eng
Transcribing agency BD-RjUL
041 ## - LANGUAGE CODE
Language code of text/sound track or separate title eng
082 ## - DEWEY DECIMAL CLASSIFICATION NUMBER
Edition number 23
Classification number 398.2095492
Author mark and year ISM 1999
100 1# - MAIN ENTRY--PERSONAL NAME
Personal name ইসলাম, সৈয়দ আমিনুল
9 (RLIN) 144776
245 10 - TITLE STATEMENT
Title মেহেরপুরের লোক সাহিত্য /
Statement of responsibility, etc. সৈয়দ আমিনুল ইসলাম
260 ## - PUBLICATION, DISTRIBUTION, ETC. (IMPRINT)
Place of publication, distribution, etc. মেহেরপুর :
Name of publisher, distributor, etc. বই সাগর,
Date of publication, distribution, etc. ১৯৯৯
300 ## - PHYSICAL DESCRIPTION
Pagination [ষোল], ২২২ পৃ. :
Illustrations চিত্র ;
Size ২১ সেমি.
650 ## - SUBJECT ADDED ENTRY--TOPICAL TERM
Topical term or geographic name as entry element লোক সাহিত্য
Geographic subdivision মেহেরপুর জেলা (বাংলাদেশ)
9 (RLIN) 144777
Topical term or geographic name as entry element Folk Literature
Geographic subdivision Meherpur zila ( Bangladesh )
9 (RLIN) 144778
942 ## - ADDED ENTRY ELEMENTS (KOHA)
Source of classification or shelving scheme Dewey Decimal Classification
Koha item type Books
Holdings
Lost status Source of classification or shelving scheme Damaged status Not for loan Collection code Permanent Location Current Location Shelving location Date acquired Source of acquisition Cost, normal purchase price Total Checkouts Full call number Date last seen Copy number Koha item type
  Dewey Decimal Classification     Non-fiction Central Library, University of Rajshahi Central Library, University of Rajshahi   04/05/2005 Author 150.00   B 398.2095492 ISM 1999 09/08/2016 C-2 Books
  Dewey Decimal Classification     Non-fiction Central Library, University of Rajshahi Central Library, University of Rajshahi   04/05/2005 Author 150.00   B 398.2095492 ISM 1999 09/08/2016 C-3 Books
  Dewey Decimal Classification     Non-fiction Central Library, University of Rajshahi Central Library, University of Rajshahi   04/05/2005 Author 150.00   B 398.2095492 ISM 1999 09/08/2016 C-4 Books